<?xml version="1.0" encoding="UTF-8"?>
<record
    xmlns:xsi="http://www.w3.org/2001/XMLSchema-instance"
    xsi:schemaLocation="http://www.loc.gov/MARC21/slim http://www.loc.gov/standards/marcxml/schema/MARC21slim.xsd"
    xmlns="http://www.loc.gov/MARC21/slim">

  <leader>01106nam2a2200265   4500</leader>
  <controlfield tag="001">RU\NLR\bibl\1049285</controlfield>
  <controlfield tag="005">20250615033612.0</controlfield>
  <datafield tag="010" ind1=" " ind2=" ">
    <subfield code="a">5-93829-043-0</subfield>
    <subfield code="9">1000</subfield>
  </datafield>
  <datafield tag="021" ind1=" " ind2=" ">
    <subfield code="a">RU</subfield>
    <subfield code="b">2006-88506</subfield>
    <subfield code="9">4483</subfield>
  </datafield>
  <datafield tag="035" ind1=" " ind2=" ">
    <subfield code="a">(NLR Aleph) 001036617</subfield>
  </datafield>
  <datafield tag="090" ind1=" " ind2=" ">
    <subfield code="a">792324</subfield>
    <subfield code="c">792324</subfield>
  </datafield>
  <datafield tag="100" ind1=" " ind2=" ">
    <subfield code="a">20070221d2006    |||y0rusy50      ca</subfield>
  </datafield>
  <datafield tag="101" ind1="1" ind2=" ">
    <subfield code="a">rus</subfield>
    <subfield code="c">ger</subfield>
  </datafield>
  <datafield tag="102" ind1=" " ind2=" ">
    <subfield code="a">RU</subfield>
  </datafield>
  <datafield tag="105" ind1=" " ind2=" ">
    <subfield code="a">a   |||||||||</subfield>
  </datafield>
  <datafield tag="200" ind1="0" ind2=" ">
    <subfield code="a">&#x422;. 2</subfield>
    <subfield code="f">[&#x43F;&#x435;&#x440;. &#x441; &#x43D;&#x435;&#x43C;. &#x41D;.&#x410;. &#x41A;&#x438;&#x440;&#x438;&#x43B;&#x435;&#x43D;&#x43A;&#x43E;</subfield>
    <subfield code="g">&#x430;&#x432;&#x442;. &#x437;&#x430;&#x43A;&#x43B;&#x44E;&#x447;. &#x441;&#x442;. &#x41F;.&#x424;. &#x41F;&#x435;&#x43D;&#x43D;&#x435;&#x440;]</subfield>
  </datafield>
  <datafield tag="210" ind1=" " ind2=" ">
    <subfield code="d">2006</subfield>
    <subfield code="a">&#x411;. &#x43C;.</subfield>
  </datafield>
  <datafield tag="215" ind1=" " ind2=" ">
    <subfield code="a">414 &#x441;.</subfield>
    <subfield code="c">&#x438;&#x43B;.</subfield>
  </datafield>
  <datafield tag="320" ind1=" " ind2=" ">
    <subfield code="a">&#x411;&#x438;&#x431;&#x43B;&#x438;&#x43E;&#x433;&#x440;. &#x432; &#x43F;&#x440;&#x438;&#x43C;.: &#x441;. 412-414 &#x438; &#x432; &#x43F;&#x43E;&#x434;&#x441;&#x442;&#x440;&#x43E;&#x447;. &#x43F;&#x440;&#x438;&#x43C;.</subfield>
  </datafield>
  <datafield tag="461" ind1=" " ind2="0">
    <subfield code="1">001RU\NLR\bibl\918256</subfield>
    <subfield code="1">2001#$a&#x414;&#x435;&#x44F;&#x43D;&#x438;&#x44F; &#x430;&#x43F;&#x43E;&#x441;&#x442;&#x43E;&#x43B;&#x43E;&#x432;$v&#x422;. 2</subfield>
    <subfield code="9">20160</subfield>
    <subfield code="a">&#x41D;&#x43E;&#x439;&#x434;&#x43E;&#x440;&#x444;&#x435;&#x440;, &#x425;. -&#x412;.</subfield>
    <subfield code="c">&#x421;&#x430;&#x43D;&#x43A;&#x442;-&#x41F;&#x435;&#x442;&#x435;&#x440;&#x431;&#x443;&#x440;&#x433;</subfield>
    <subfield code="d">2005</subfield>
    <subfield code="f">&#x425;&#x430;&#x439;&#x43D;&#x446;-&#x412;&#x435;&#x440;&#x43D;&#x435;&#x440; &#x41D;&#x43E;&#x439;&#x434;&#x43E;&#x440;&#x444;&#x435;&#x440;</subfield>
    <subfield code="n">&#x421;&#x432;&#x435;&#x442; &#x43D;&#x430; &#x412;&#x43E;&#x441;&#x442;&#x43E;&#x43A;&#x435;</subfield>
    <subfield code="o">[&#x43F;&#x435;&#x440;&#x435;&#x432;&#x43E;&#x434; &#x441; &#x43D;&#x435;&#x43C;&#x435;&#x446;&#x43A;&#x43E;&#x433;&#x43E;] : &#x432; 2 &#x442;.</subfield>
    <subfield code="t">&#x414;&#x435;&#x44F;&#x43D;&#x438;&#x44F; &#x430;&#x43F;&#x43E;&#x441;&#x442;&#x43E;&#x43B;&#x43E;&#x432;</subfield>
    <subfield code="y">5-93829-038-4</subfield>
    <subfield code="v">&#x422;. 2</subfield>
  </datafield>
  <datafield tag="801" ind1=" " ind2="0">
    <subfield code="a">RU</subfield>
    <subfield code="b">NLR</subfield>
    <subfield code="c">20070221</subfield>
    <subfield code="g">RCR</subfield>
  </datafield>
  <datafield tag="801" ind1=" " ind2="1">
    <subfield code="a">RU</subfield>
    <subfield code="b">NLR</subfield>
    <subfield code="c">20070221</subfield>
  </datafield>
  <datafield tag="942" ind1=" " ind2=" ">
    <subfield code="c">BOOK</subfield>
  </datafield>
  <datafield tag="980" ind1=" " ind2=" ">
    <subfield code="a">NB</subfield>
  </datafield>
  <datafield tag="995" ind1=" " ind2=" ">
    <subfield code="5">2007-02-21</subfield>
    <subfield code="a">ad</subfield>
    <subfield code="b">NLR01</subfield>
    <subfield code="c">NLR01</subfield>
    <subfield code="e">RF3</subfield>
    <subfield code="f">2369920</subfield>
    <subfield code="k">2006-3/3336</subfield>
    <subfield code="o">0</subfield>
    <subfield code="r">BOOK</subfield>
    <subfield code="s">200633336_</subfield>
  </datafield>
  <datafield tag="995" ind1=" " ind2=" ">
    <subfield code="5">2007-02-21</subfield>
    <subfield code="a">ad</subfield>
    <subfield code="b">NLR01</subfield>
    <subfield code="c">NLR01</subfield>
    <subfield code="e">RF3</subfield>
    <subfield code="f">2369921</subfield>
    <subfield code="k">2006-3/3336</subfield>
    <subfield code="o">0</subfield>
    <subfield code="r">BOOK</subfield>
    <subfield code="s">200633336_</subfield>
  </datafield>
</record>
